000 00805nam a2200205 i 4500
001 167323
003 ES-MaACL
005 20250818063112.0
008 981002q18701925sp a |||| | spa d
040 _aGA
_bspa
_cCCPB | 3D
100 1 _aVerne, Jules,
_d1828-1905
_9188654
245 1 0 _aVeinte mil leguas de viaje submarino /
_cobra escrita en francés por Julio Verne ; versión española.
250 _aEd. ilustrada con grab.
260 _aMadrid :
_bSáenz de Jubera, Hermanos,
_c[s.a.] (
_fEstab. tip. Nieto y Compañía)
300 _a2 v. (83, 99 p.) :
_bil. ;
_c28 cm.
596 _aSáenz Jubera, Hermanos, ejercen ca. 1870-1925.
597 _aTexto a dos col.
852 _aES-MaACL
_jB-12400(2,3)
_z-- Enc. ed. en tela roja con planchas polícromas
999 _c167323
_d167323